Tanulmányok Debrecen és a reformátusság múltjáról / 5
| Main Author: | |
|---|---|
| Format: | Print Book |
| Language: | Hungarian |
| Subito Delivery Service: | Order now. |
| Check availability: | HBZ Gateway |
| Interlibrary Loan: | Interlibrary Loan for the Fachinformationsdienste (Specialized Information Services in Germany) |
| Published: |
2010
|
| In: |
Tanulmányok Debrecen és a reformátusság múltjáról
Year: 2010 |
| Standardized Subjects / Keyword chains: | B
Debrecen
/ Reformation
/ Reformed Church
/ History
B Reformation / Reformed Church / History |
MARC
| LEADER | 00000cam a22000002cc4500 | ||
|---|---|---|---|
| 001 | 1724253999 | ||
| 003 | DE-627 | ||
| 005 | 20251226184952.0 | ||
| 007 | tu | ||
| 008 | 200710s2010 xx ||||| 00| ||hun c | ||
| 035 | |a (DE-627)1724253999 | ||
| 035 | |a (DE-599)BVBBV039942400 | ||
| 035 | |a (DE-604)BV039942400 | ||
| 040 | |a DE-627 |b ger |c DE-627 |e rakwb | ||
| 041 | |a hun | ||
| 082 | 0 | |a 200.9 |q DE-604 |2 22/ger | |
| 084 | |a 1 |2 ssgn | ||
| 100 | 1 | |e VerfasserIn |0 (DE-588)143944282 |0 (DE-627)704651955 |0 (DE-576)33981280X |4 aut |a Csohány, János |d 1937- | |
| 109 | |a Csohány, János 1937- | ||
| 245 | 1 | 0 | |a Tanulmányok Debrecen és a reformátusság múltjáról |n 5 |c Csohány János |
| 264 | 1 | |c 2010 | |
| 300 | |a 178 S. | ||
| 336 | |a Text |b txt |2 rdacontent | ||
| 337 | |a ohne Hilfsmittel zu benutzen |b n |2 rdamedia | ||
| 338 | |a Band |b nc |2 rdacarrier | ||
| 500 | |a Zsfassung in dt. Sprache | ||
| 689 | 0 | 0 | |d g |0 (DE-588)4090940-2 |0 (DE-627)106014218 |0 (DE-576)209276835 |2 gnd |a Debrecen |
| 689 | 0 | 1 | |d s |0 (DE-588)4048946-2 |0 (DE-627)104364165 |0 (DE-576)209079851 |2 gnd |a Reformation |
| 689 | 0 | 2 | |d s |0 (DE-588)4048954-1 |0 (DE-627)10618900X |0 (DE-576)209079878 |2 gnd |a Reformierte Kirche |
| 689 | 0 | 3 | |q z |2 gnd |a Geschichte |
| 689 | 0 | |5 DE-101 | |
| 689 | 1 | 0 | |d s |0 (DE-588)4048946-2 |0 (DE-627)104364165 |0 (DE-576)209079851 |2 gnd |a Reformation |
| 689 | 1 | 1 | |d s |0 (DE-588)4048954-1 |0 (DE-627)10618900X |0 (DE-576)209079878 |2 gnd |a Reformierte Kirche |
| 689 | 1 | 2 | |q z |2 gnd |a Geschichte |
| 689 | 1 | |5 DE-101 | |
| 773 | 1 | 8 | |a Tanulmányok Debrecen és a reformátusság múltjáról |w (DE-627)497549581 |w (DE-576)949754958X |g 5 |q 5 |7 nnam |
| 935 | |a mteo | ||
| 951 | |a MV | ||
| ELC | |b 1 | ||
| LOK | |0 000 xxxxxcx a22 zn 4500 | ||
| LOK | |0 001 3723029825 | ||
| LOK | |0 003 DE-627 | ||
| LOK | |0 004 1724253999 | ||
| LOK | |0 005 20200710090007 | ||
| LOK | |0 008 200710||||||||||||||||ger||||||| | ||
| LOK | |0 035 |a (DE-Tue135)BVBBV039942400 | ||
| LOK | |0 040 |a DE-Tue135 |c DE-627 |d DE-Tue135 | ||
| LOK | |0 092 |o n | ||
| LOK | |0 852 |a DE-Tue135 | ||
| LOK | |0 852 1 |9 00 | ||
| LOK | |0 935 |a bsbo | ||
| LOK | |0 939 |a 10-07-20 |b l01 | ||
| ORI | |a SA-MARC-ixtheoa001.raw | ||
| REF | |a Reformationsgeschichte | ||
| REL | |a 1 | ||
| STA | 0 | 0 | |a Debrecen,Debreczin,History,History,History in art,Reformation,Reformation,Reformation in art,Reformed Church |
| STB | 0 | 0 | |a Histoire,Histoire,Histoire,Réforme protestante,Réforme protestante,Église réformée |
| STC | 0 | 0 | |a Historia,Historia,Historia,Iglesia reformada,Reforma,Reforma |
| STD | 0 | 0 | |a Chiesa riformata,Riforma protestante,Riforma protestante,Storia,Storia |
| STE | 0 | 0 | |a 历史,史,宗教改革,宗教改革,改革宗,加尔文宗,归正宗 |
| STF | 0 | 0 | |a 宗教改革,宗教改革,改革宗,加爾文宗,歸正宗,歷史,史 |
| STG | 0 | 0 | |a História,História,Igreja reformada,Reforma,Reforma |
| STH | 0 | 0 | |a История (мотив),История,Реформация (мотив),Реформация,Реформированная церковь |
| STI | 0 | 0 | |a Ιστορία (μοτίβο),Ιστορία,Μεταρρυθμισμένη Εκκλησία,Προτεσταντική μεταρρύθμιση (μοτίβο),Προτεσταντική μεταρρύθμιση |
| SUB | |a REL | ||
| SYG | 0 | 0 | |a Debreczin,Debreczen,Debretzen,Debrecen,Bürgermeisteramt , Réforme (histoire religieuse),Reformation , Evangelisch-Reformierte Kirche , History,Geschichtliche Epoche,Historical development,Historische Entwicklung,Landesgeschichte,Regionalgeschichte,Ortsgeschichte,Zeitgeschichte , Réforme (histoire religieuse),Reformation , Evangelisch-Reformierte Kirche , History,Geschichtliche Epoche,Historical development,Historische Entwicklung,Landesgeschichte,Regionalgeschichte,Ortsgeschichte,Zeitgeschichte |



